| 000 | 00532nam a22001577a 4500 | ||
|---|---|---|---|
| 005 | 20231030141249.0 | ||
| 008 | 231030b |||||||| |||| 00| 0 eng d | ||
| 041 | _aEnglish | ||
| 082 | _a347.1 NAT | ||
| 100 |
_aNathan, CJM and Barnett, M _lEnglish |
||
| 245 |
_aRules and Practice of the Supreme Court of South Africa / _cCJM Nathan and M Barnett |
||
| 260 |
_aCape Town : _bJuta and Co., Limited, _c1959 |
||
| 300 |
_bxxiv, 331 pages ; _c26 cm. |
||
| 650 |
_alegal practice _bLaw |
||
| 942 |
_cBK _6ALISON_BN_VRIES |
||
| 999 |
_c154 _d154 |
||